000 00680cam a2200145 4500500
005 20260111092414.0
041 _afre
042 _adc
100 1 0 _aGaveau, Fabien
_eauthor
245 0 0 _aBertrand Hervieu, Nonna Mayer, Pierre Muller, François Purseigle et Jacques Rémy eds., Les mondes agricoles en politique. De la fin des paysans au retour de la question agricole. Paris, Presses de la Fondation nationale des sciences politiques, 2010, 450 p.
260 _c2012.
500 _a53
786 0 _nÉtudes rurales | 189 | 1 | 2012-06-01 | p. 199b-207b | 0014-2182
856 4 1 _uhttps://shs.cairn.info/revue-etudes-rurales-2012-1-page-199b?lang=fr&redirect-ssocas=7080
999 _c1623513
_d1623513